| 000 | 00932cab a2200265 4500 | ||
|---|---|---|---|
| 001 | ABS51275 | ||
| 008 | 090401t1994 xxu||||| |||| 00| 0 eng d | ||
| 035 | _a(Sirsi) u19037 | ||
| 041 | _aeng | ||
| 100 | _aRadevsky, T. | ||
| 245 | _aLeasehold reform - when does the lease begin? | ||
| 260 | _c1994 | ||
| 350 | _a0 | ||
| 490 |
_aNew Law Journal _v144(6660) 12 August 1994, 1130-1142(2) |
||
| 520 | _aWith reference to caselaw, this article examines enfranchisement and the requirement that leases must be at a low rent in order for a tenant to qualify for the purposes of Part I of the Leasehold Reform Housing and Urban Development Act 1993. | ||
| 650 | _aCOMMENCEMENT DATE | ||
| 650 | _aLEASEHOLD ENFRANCHISEMENT | ||
| 650 | _aLEASEHOLD LAW | ||
| 650 | _aLONG LEASE | ||
| 650 | _aLOW RENT | ||
| 650 | _aQUALIFYING TENANTS | ||
| 690 | _aLANDLORD AND TENANT-LEASEHOLD REFORM | ||
| 942 | _n0 | ||
| 948 | _c04/03/1997 | ||
| 999 |
_c12674 _d12674 |
||